Carregant...
| LEADER | 00566nam a22001697a 4500 | ||
|---|---|---|---|
| 008 | 160518b xxu||||| |||| 00| 0 mal d | ||
| 020 | |c INR | ||
| 082 | |a 297 | ||
| 100 | |a Muhammad Ahmad, B. | ||
| 245 | |a Muhammad Nabi sneha sagaram / |c B.Muhammad Ahmad | ||
| 260 | |a Kannur : |b Samayam, |c 2015. | ||
| 300 | |a 206 p. ; | ||
| 650 | |a Muslim |v Religion |x Malayalam | ||
| 942 | |c BK | ||
| 546 | |a In malayalam | ||
| 999 | |c 285233 |d 285233 | ||
| 952 | |0 0 |1 0 |4 0 |6 297_000000000000000_MUH_M |7 0 |9 323654 |a FLK |b FLK |c ST1 |d 2016-05-18 |e BK |g 180.00 |i 4895 |l 0 |o 297 MUH/M |p FLK4895 |r 2016-05-18 |w 2018-08-23 |y BK | ||